Atlas universal : (Registro nro. 15401)
[ vista simple ]
| 000 -LEADER | |
|---|---|
| fixed length control field | 00931cam a2200229 a 4500 |
| 003 - CONTROL NUMBER IDENTIFIER | |
| control field | OSt |
| 005 - DATE AND TIME OF LATEST TRANSACTION | |
| control field | 20210316144847.0 |
| 008 - FIXED-LENGTH DATA ELEMENTS--GENERAL INFORMATION | |
| fixed length control field | 980122s19930000ck b 0 spa d |
| 040 ## - CATALOGING SOURCE | |
| Original cataloging agency | CO-BoPUJ |
| Transcribing agency | CO-JMCR |
| 041 0# - LANGUAGE CODE | |
| Language code of text/sound track or separate title | spa |
| 082 04 - DEWEY DECIMAL CLASSIFICATION NUMBER | |
| Classification number | R / 912 / |
| Item number | E511a |
| Edition number | 23 |
| 245 00 - TITLE STATEMENT | |
| Title | Atlas universal : |
| Statement of responsibility, etc. | mundo de hoy / |
| 260 ## - PUBLICATION, DISTRIBUTION, ETC. | |
| Place of publication, distribution, etc. | Bogotá : |
| Name of publisher, distributor, etc. | El Tiempo, |
| Date of publication, distribution, etc. | 1993 |
| 300 ## - PHYSICAL DESCRIPTION | |
| Extent | 284 páginas : |
| Other physical details | ilustraciones, mapas y fotografías ; |
| Dimensions | 35 cm. |
| 505 0# - FORMATTED CONTENTS NOTE | |
| Formatted contents note | La tierra desde el espacio -- Fotografías de satélite -- El mundo -- Europa -- Asia -- África -- América -- Australia y Oceanía -- Regiones Polares -- Colombia -- Cartas celestes La naturaleza de la tierra |
| 650 24 - SUBJECT ADDED ENTRY--TOPICAL TERM | |
| Topical term or geographic name entry element | Geografía universal |
| Form subdivision | Atlas |
| 9 (RLIN) | 36183 |
| 650 24 - SUBJECT ADDED ENTRY--TOPICAL TERM | |
| Topical term or geographic name entry element | Atlas |
| General subdivision | Ecología |
| -- | Siglo xx |
| 9 (RLIN) | 36184 |
| 650 24 - SUBJECT ADDED ENTRY--TOPICAL TERM | |
| Topical term or geographic name entry element | Geografía |
| General subdivision | Siglo xx |
| Geographic subdivision | Colombia |
| 9 (RLIN) | 36185 |
| 650 24 - SUBJECT ADDED ENTRY--TOPICAL TERM | |
| Topical term or geographic name entry element | Atlas |
| General subdivision | Geografía |
| -- | Siglo xx |
| 9 (RLIN) | 36186 |
| 710 2# - ADDED ENTRY--CORPORATE NAME | |
| Corporate name or jurisdiction name as entry element | Casa Editorial El Tiempo |
| 9 (RLIN) | 10381 |
| 942 ## - ADDED ENTRY ELEMENTS (KOHA) | |
| Source of classification or shelving scheme | Dewey Decimal Classification |
| Koha item type | Books |
| Withdrawn status | Lost status | Source of classification or shelving scheme | Damaged status | Not for loan | Home library | Current library | Shelving location | Date acquired | Source of acquisition | Total Checkouts | Full call number | Barcode | Date last seen | Copy number | Price effective from | Koha item type | Date last checked out |
|---|---|---|---|---|---|---|---|---|---|---|---|---|---|---|---|---|---|
| Dewey Decimal Classification | Biblioteca Pública José María del Castillo y Rada | Biblioteca Pública José María del Castillo y Rada | General Stacks | Donación | R / 912 / E511a | 201810870 | 03/16/2021 | Ej.1 | Books | ||||||||
| Dewey Decimal Classification | Biblioteca Pública José María del Castillo y Rada | Biblioteca Pública José María del Castillo y Rada | Reference | Donación | 4 | R / 912 / E511a | 201811010 | 08/15/2025 | Ej.2 | Books | 08/14/2025 |